LEADER 01326oam 2200397 a 450 001 9910700838103321 005 20111027153422.0 035 $a(CKB)5470000002412637 035 $a(OCoLC)325000475 035 $a(EXLCZ)995470000002412637 100 $a20090518d2009 ua 0 101 0 $aeng 135 $aurmn||||||||| 181 $ctxt$2rdacontent 182 $cc$2rdamedia 183 $acr$2rdacarrier 200 10$aProperty and casualty insurance services$b[electronic resource] $ecompetitive conditions in foreign markets : investigation no. 332-499 210 1$aWashington, DC :$cU.S. International Trade Commission,$d[2009] 215 $a1 online resource (124 unnumbered pages) $ccolor illustrations 225 1 $aPublication ;$v4068 300 $aTitle from title screen (viewed May 11, 2009). 300 $a"March 2009." 320 $aIncludes bibliographical references (biblio-1-biblio-9). 517 $aProperty and casualty insurance services 606 $aProperty insurance 606 $aCasualty insurance 615 0$aProperty insurance. 615 0$aCasualty insurance. 801 0$bOVP 801 1$bOVP 801 2$bOCLCQ 801 2$bGPO 906 $aBOOK 912 $a9910700838103321 996 $aProperty and casualty insurance services$93512184 997 $aUNINA